Hukum hakim dan keadilan tuhan : Kumpulan catatan hukum dan peradilan di Indonesia

Bibliographic Details
Main Author: Siregar, Bismar
Format: Book
Published: Kuala Lumpur : Al-Hidayah , 2003
Subjects:

MARC

LEADER 00000cam a2200000 7i4500
001 0000013381
005 20080307.0
008 080111
020 |a 9795613383 
090 0 0 |a 340.59   |b SIR 
100 1 |a Siregar, Bismar 
245 1 0 |a Hukum hakim dan keadilan tuhan :   |b Kumpulan catatan hukum dan peradilan di Indonesia   |c Bismar Siregar 
260 |a Kuala Lumpur :   |b Al-Hidayah ,   |c 2003 
650 0 |a Islamic law   |z Indonesia 
650 0 |a Law   |z Indonesia 
999 |a 0000558263   |b Book   |c Adult Collection   |e Cawangan Muar 
999 |a 0001008781   |b Book   |c Adult Collection   |e Perbadanan Perpustakaan Awam Johor 
999 |a 0001008782   |b Book   |c Adult Collection   |e Perbadanan Perpustakaan Awam Johor 
999 |a 0001008783   |b Book   |c Adult Collection   |e Cawangan Muar